[Event "Belgrade-chT2 Quality"]
[Site "Belgrade"]
[Date "2022.11.06"]
[Round "9.6"]
[White "Skaric, Savo"]
[Black "Havran, Misa"]
[Result "1-0"]
[WhiteElo "1996"]
[BlackElo "2002"]
[PlyCount "80"]
[EventDate "2022.10.15"]
[EventType "team-tourn"]
[EventRounds "13"]
[EventCountry "SRB"]
[SourceTitle "EXT 2024"]
[Source "ChessBase"]
[SourceDate "2023.10.10"]
[SourceVersion "1"]
[SourceVersionDate "2023.10.10"]
[SourceQuality "1"]
[WhiteTeam "Batajnica"]
[BlackTeam "Belgrade Vodovod"]
[WhiteTeamCountry "SRB"]
[BlackTeamCountry "SRB"]

1. e4 e5 2. f4 d6 3. Nf3 Nc6 4. Bc4 Be7 5. 0-0 Nf6 6. d3 0-0 7. Nc3 Na5 8. Bb3 Nxb3 9. axb3 c6 10. Kh1 Bg4 11. h3 Bxf3 12. Qxf3 Nd7 13. f5 Bg5 14. g4 Bxc1 15. Raxc1 Qg5 16. Rce1 Nf6 17. Rg1 Rfe8 18. Qg3 h5 19. Nd1 hxg4 20. hxg4 g6 21. Rg2 Kg7 22. Kg1 Rh8 23. Nf2 Rh4 24. d4 Re8 25. Nh3 Qxg4 26. Qxg4 Rxg4 27. Rxg4 Nxg4 28. fxg6 fxg6 29. c3 Nf6 30. Nf2 Kf7 31. Kg2 Ke6 32. Nd3 Nh5 33. dxe5 dxe5 34. Nc5+ Kf6 35. Nxb7 Nf4+ 36. Kf3 Rb8 37. Na5 c5 38. Rd1 Ke6 39. Nc4 Rxb3 40. Rd6+ Ke7 1-0

[Event "Belgrade-chT Quality"]
[Site "Belgrade"]
[Date "2021.10.24"]
[Round "4.8"]
[White "Milosavljevic, Dusan"]
[Black "Havran, Misa"]
[Result "1-0"]
[WhiteElo "2140"]
[BlackElo "2030"]
[PlyCount "59"]
[EventDate "2021.10.16"]
[EventType "team-tourn"]
[EventRounds "11"]
[EventCountry "SRB"]
[SourceTitle "EXT 2023"]
[Source "ChessBase"]
[SourceDate "2022.10.05"]
[SourceVersion "1"]
[SourceVersionDate "2022.10.05"]
[SourceQuality "1"]
[WhiteTeam "Belgrade Polet"]
[BlackTeam "Belgrade Vodovod"]
[WhiteTeamCountry "SRB"]
[BlackTeamCountry "SRB"]

1. d4 d5 2. c4 e6 3. Nc3 Nf6 4. Bf4 c6 5. e3 Bd6 6. Bxd6 Qxd6 7. c5 Qe7 8. f4 Ne4 9. Nxe4 dxe4 10. Qc2 f5 11. 0-0-0 Nd7 12. g4 Nf6 13. g5 Nd5 14. Re1 Bd7 15. Bc4 h6 16. Bxd5 exd5 17. h4 hxg5 18. fxg5 b6 19. Ne2 bxc5 20. Nf4 Qd6 21. dxc5 Qc7 22. Qc3 Rg8 23. h5 0-0-0 24. h6 gxh6 25. gxh6 d4 26. Qxd4 Qa5 27. h7 Rh8 28. Rd1 Qxa2 29. Ng6 Qd5 30. Qxh8 1-0

[Event "Belgrade-chT Premier"]
[Site "Belgrade"]
[Date "2017.09.19"]
[Round "2.3"]
[White "Jakovljevic, Zivota"]
[Black "Havran, Misa"]
[Result "1-0"]
[WhiteElo "2098"]
[BlackElo "2081"]
[PlyCount "173"]
[EventDate "2017.09.18"]
[EventType "team"]
[EventRounds "9"]
[EventCountry "SRB"]
[SourceTitle "CBM 180 Extra"]
[Source "ChessBase"]
[SourceDate "2017.10.06"]
[SourceVersion "1"]
[SourceVersionDate "2017.10.06"]
[SourceQuality "1"]
[WhiteTeam "Belgrade Partizan"]
[BlackTeam "Belgrade Vodovod"]
[WhiteTeamCountry "SRB"]
[BlackTeamCountry "SRB"]

1. d4 d5 2. c4 e6 3. Nc3 Nf6 4. Nf3 Nbd7 5. Bg5 Be7 6. e3 h6 7. Bh4 c6 8. Bd3 dxc4 9. Bxc4 b5 10. Bd3 Bb7 11. 0-0 0-0 12. Rc1 a6 13. a4 b4 14. Bxf6 Nxf6 15. Ne4 Rc8 16. Qe2 Qb6 17. Ne5 Rfd8 18. Nc4 Qc7 19. Nxf6+ Bxf6 20. Be4 e5 21. dxe5 Bxe5 22. g3 Bf6 23. Qf3 Ba8 24. Rfd1 c5 25. Bxa8 Rxa8 26. b3 Rac8 27. Kg2 Bc3 28. Rxd8+ Rxd8 29. Rd1 Rxd1 30. Qxd1 Qc6+ 31. f3 Qg6 32. Qd8+ Kh7 33. e4 f5 34. Qh4 fxe4 35. Qxe4 Qxe4 36. fxe4 Kg6 37. Kf3 Kf6 38. h3 Ke6 39. Kf4 g6 40. Ke3 h5 41. Kf4 Bf6 42. g4 hxg4 43. Kxg4 Bd8 44. Kf4 Bf6 45. Kg4 Bd8 46. h4 Bf6 47. h5 gxh5+ 48. Kxh5 Bd8 49. Kg4 Bf6 50. Kf3 Bd4 51. Ke2 Bg7 52. Kd3 Bd4 53. Nd2 Bf2 54. Nf3 Kd6 55. Kc4 Be3 56. Ne1 Bd4 57. Nd3 Kc6 58. e5 Be3 59. e6 a5 60. e7 Kd7 61. e8Q+ Kxe8 62. Nxc5 Kd8 63. Kb5 Kc7 64. Nd3 Bb6 65. Nb2 Bd4 66. Nc4 Bc3 67. Nxa5 Kb8 68. Nc6+ Kb7 69. Nxb4 Ka7 70. Nd3 Kb7 71. b4 Ka7 72. Kc4 Bd2 73. Nc5 Be1 74. a5 Bd2 75. Nb3 Be1 76. b5 Bf2 77. Nc5 Be3 78. b6+ Ka8 79. Kb5 Bf4 80. Kc6 Bh2 81. a6 Bg3 82. Kb5 Bf2 83. Ne4 Be3 84. Kc6 Kb8 85. Nc3 Bf2 86. Nb5 Ka8 87. Nc7+ 1-0

[Event "Belgrade-chT"]
[Site "Belgrade"]
[Date "2015.09.30"]
[Round "9.1"]
[White "Havran, Misa"]
[Black "Peovic, Milos"]
[Result "1/2-1/2"]
[WhiteElo "2101"]
[BlackElo "2200"]
[PlyCount "153"]
[EventDate "2015.09.21"]
[EventType "team-tourn"]
[EventRounds "9"]
[EventCountry "SRB"]
[SourceTitle "CBM 168 Extra"]
[Source "ChessBase"]
[SourceDate "2015.10.29"]
[SourceVersion "1"]
[SourceVersionDate "2015.10.29"]
[SourceQuality "1"]
[WhiteTeam "Belgrade Vodovod"]
[BlackTeam "Belgrade Sigurnost"]
[WhiteTeamCountry "SRB"]
[BlackTeamCountry "SRB"]

1. e4 e6 2. d4 d5 3. Nd2 Nf6 4. Bd3 b6 5. e5 Nfd7 6. Qe2 a5 7. f4 Ba6 8. Ngf3 Bxd3 9. Qxd3 Nc6 10. c3 Ne7 11. 0-0 h5 12. a4 Nf5 13. Re1 Be7 14. Nf1 Qc8 15. Ne3 g6 16. b3 Qa6 17. Qxa6 Rxa6 18. Nxf5 gxf5 19. Ba3 c5 20. Rac1 Ra7 21. c4 dxc4 22. Rxc4 0-0 23. Rd1 Rc8 24. h4 Rac7 25. Rdc1 Rb7 26. R4c2 Re8 27. g3 Kg7 28. Kf1 cxd4 29. Bxe7 Rxe7 30. Nxd4 Nc5 31. Ke2 Red7 32. Rc4 Rxd4 33. Rxd4 Nxb3 34. Rcd1 Nxd4+ 35. Rxd4 b5 36. axb5 Rxb5 37. Rd8 Rb2+ 38. Kf3 Rb3+ 39. Kg2 a4 40. Ra8 a3 41. Kh3 f6 42. Ra6 fxe5 43. fxe5 Rb5 44. Rxa3 Rxe5 45. Kg2 Re4 46. Kf3 Rd4 47. Ra7+ Kg6 48. Re7 Re4 49. Re8 Re1 50. Kf2 Re5 51. Kf3 Re4 52. Rg8+ Kh7 53. Rg5 Kh6 54. Rg8 Re1 55. Kf4 Re4+ 56. Kf3 Ra4 57. Re8 Ra6 58. Kf4 Kg6 59. Ke5 Kf7 60. Rh8 Ra5+ 61. Kf4 Ra4+ 62. Kf3 Kg6 63. Re8 Kf6 64. Rh8 Ke5 65. Rxh5 Ra3+ 66. Kg2 Ke4 67. Rh6 Ra2+ 68. Kh3 e5 69. Rb6 Kf3 70. Rb3+ Kf2 71. Rb5 Re2 72. h5 f4 73. gxf4 exf4 74. h6 Re1 75. Kg4 f3 76. h7 Re4+ 77. Kh3 1/2-1/2